000 01059cam a2200313Ia 4500
003 data
005 20260322212038.0
008 data
020 _a0688168906
020 _a9780688168902
040 _aORX
_cORX
_dOSU
_dOCL
_dOSU
049 _aOSUU
092 _a623 Cha 1999
245 1 0 _aChapman piloting :
_bseamanship & boat handling /
_cCharles F. Chapman & Elbert S. Maloney.
246 3 0 _aPiloting, seamanship & boat handling.
246 3 0 _aPiloting, seamanship and boat handling.
250 _a63rd ed.
260 _aNew York :
_bHearst Marine Books,
_cc1999.
300 _a656 p. :
_bill. (some col.), maps ;
_c29 cm.
500 _a"Completely updated, revised color edition with new photographs, charts, and illustrations"--Cover.
500 _aIncludes index.
650 0 _aBoats and boating.
650 0 _aNavigation.
650 0 _aSeamanship.
650 0 _aMotorboats.
700 1 _aChapman, Charles F.
_d1881-1976.
_q(Charles Frederic),
_tChapman piloting, seamanship & small boat handling.
700 1 _aMaloney, Elbert S.
001 data
999 _c888
_d888